| 000 | 00577nam a2200193Ia 4500 | ||
|---|---|---|---|
| 003 | GCL | ||
| 008 | 140319s9999 xx 000 0 ara d | ||
| 040 |
_aGCL / _cGCL |
||
| 082 | 0 | 4 |
_a882 _bس ب |
| 100 | 1 | _aسيد حامد النساج | |
| 245 | 1 | 0 |
_aالبناء الدرامى المأساة عند ارسطو / _cسيد حامد النساج |
| 490 | _a | ||
| 650 | 0 | 4 | _aالادب اليونانى |
| 650 | 0 | 4 | _aارسطو |
| 650 | 0 | 4 | _aالمسرح اليونانى |
| 650 | 0 | 4 | _aالمأساة |
| 650 | 0 | 4 | _aالمسرحيات اليونانية |
| 942 |
_2ddc _cBK |
||
| 999 |
_c40615 _d40615 |
||